| 000 | 00847nam a2200265Ia 4500 | ||
|---|---|---|---|
| 003 | GCL | ||
| 008 | 140319s9999 xx 000 0 ara d | ||
| 040 |
_aGCL / _cGCL |
||
| 082 | 0 | 4 |
_a332.673 _bم ا |
| 100 | 1 | _aمحمد عزيز (مترجم) | |
| 245 | 1 | 0 |
_aانماط الانفاق والاستثمار فى اقطار الخليج العربى / _cمحمد عزيز (مترجم) |
| 260 |
_a[S.N] : _bمعهد البحوث والدراسات العربية ، _c1987 |
||
| 300 | _a330 ص | ||
| 490 | _a | ||
| 650 | 0 | 4 | _aالكويت |
| 650 | 0 | 4 | _aالاقتصاد |
| 650 | 0 | 4 | _aالعراق |
| 650 | 0 | 4 | _aالاستثمار |
| 650 | 0 | 4 | _aالبترول |
| 650 | 0 | 4 | _aسلطنة عمان |
| 650 | 0 | 4 | _aقطر |
| 650 | 0 | 4 | _aالمملكة العربية السعودية |
| 650 | 0 | 4 | _aالانفاق العام |
| 942 |
_2ddc _cBK |
||
| 999 |
_c30667 _d30667 |
||